A szalámi-ipar
Elmentve itt :
| Szerző: | |
|---|---|
| Dokumentumtípus: | Cikk |
| Megjelent: |
1913-01-22
|
| Sorozat: | Délmagyarország
4 No. 17 |
| Kulcsszavak: | Húsipar Magyarország 1913 |
| Online Access: | http://dmarchiv.bibl.u-szeged.hu/42522 |
| LEADER | 00439nab a2200157 i 4500 | ||
|---|---|---|---|
| 001 | delm42522 | ||
| 005 | 20180928090505.0 | ||
| 008 | 180927s1913 hu o 0|| hun d | ||
| 040 | |a SZTE Délmagyarország Archívum |b hun | ||
| 041 | |a hun | ||
| 100 | 1 | |a Pick Jenő | |
| 245 | 1 | 2 | |a A szalámi-ipar |h [elektronikus dokumentum] / |c Pick Jenő |
| 260 | |c 1913-01-22 | ||
| 300 | |a 10 | ||
| 490 | 0 | |a Délmagyarország |v 4 No. 17 | |
| 695 | |a Húsipar Magyarország 1913 | ||